zpět

Detail výsledku týmu

U Lucerny ST, Brno

Datum a čas kvízu

29.5 Celkem bodů Celkový počet nahraných bodů na tomto kvízu bez doplňovacích otázek.
7. Pořadí na kvízu Konečné umístění týmu na tomto kvízu.

Zaznamenané odpovědi

# Otázka Odpověď Body Výsledky
1. Pražská soukromá vysoká škola... je online 1
2. V pondělí večer byl v jednom i... Janov 1
3. Minulý týden byl odhalen trail... Bábovky 1
4. Společnost Škoda Auto má novéh... Jihoafrická republika 0
5. Fotbalisté Pardubic budou v na... Bohemians 1905 1
6. Historie kulečníkových her sah... slonovina 1
7. Kulečník, nebo také biliár (z... snooker 1
8. Osmička (Eight-ball) se hraje... A 0
9. Nyní vám pustíme ukázku ze ser... karambol 1
10. The Hustler, česky Hazardní hr... Barva peněz 0